Biggest Central American Cities - Statistics

General Stats
  • This quiz has been taken 49 times
  • The average score is 6 of 10
Answer Stats
Population Country City % Correct
880,691 Panama Panama City
100%
994,938 Guatemala Guatemala City
98%
973,087 Nicaragua Managua
98%
335,007 Costa Rica San Jose
98%
1,118,560 Honduras Tegucigalpa
96%
719,064 Honduras San Pedro Sula
41%
272,554 El Salvador Santa Ana
20%
473,080 Guatemala Mixco
11%
283,223 El Salvador Soyapango
9%
406,830 Guatemala Villa Nueva
9%
No matching quizzes found
Score Distribution
Percent of People with Each Score
Percentile by Number Answered
Your Score History
You have not taken this quiz